[Event "Unterfranken-ch HA 57th"]
[Site "Prichsenstadt"]
[Date "2006.04.22"]
[Round "9"]
[White "Hofmann, Andreas"]
[Black "Schilling, Frank"]
[Result "1-0"]
[WhiteElo "1745"]
[BlackElo "1801"]
[PlyCount "23"]
[EventDate "2006.04.17"]
[EventType "swiss"]
[EventRounds "9"]
[EventCountry "GER"]
[SourceTitle "EXT 2015"]
[Source "ChessBase"]
[SourceDate "2014.11.20"]
[SourceVersion "1"]
[SourceVersionDate "2014.11.20"]
[SourceQuality "1"]

1. e4 c5 2. Nc3 g6 3. f4 d6 4. Nf3 Bg7 5. Bc4 Nc6 6. a4 Bg4 7. Bxf7+ Kxf7 8. Ng5+ Ke8 9. Qxg4 Nh6 10. Qh3 Qd7 11. Ne6 Bd4 12. Nd5 1-0

[Event "Unterfranken-ch HA 57th"]
[Site "Prichsenstadt"]
[Date "2006.04.19"]
[Round "4"]
[White "Hofmann, Andreas"]
[Black "Meyer, Marco"]
[Result "1-0"]
[WhiteElo "1745"]
[BlackElo "1442"]
[PlyCount "75"]
[EventDate "2006.04.17"]
[EventType "swiss"]
[EventRounds "9"]
[EventCountry "GER"]
[SourceTitle "EXT 2015"]
[Source "ChessBase"]
[SourceDate "2014.11.20"]
[SourceVersion "1"]
[SourceVersionDate "2014.11.20"]
[SourceQuality "1"]

1. e4 Nf6 2. Nc3 d5 3. exd5 Nxd5 4. Bc4 e6 5. Qf3 Nb6 6. Bb3 Nc6 7. Nge2 Bd6 8. d4 Bb4 9. 0-0 Nxd4 10. Nxd4 Qxd4 11. Rd1 Qh4 12. Nb5 Qe7 13. Qg3 Bd6 14. Nxd6+ cxd6 15. Qxg7 Qf8 16. Qxf8+ Rxf8 17. Rxd6 Ke7 18. Bf4 Bd7 19. Rad1 Bc6 20. Bg5+ f6 21. Rxe6+ Kf7 22. Rxc6+ Kg6 23. Rxb6 axb6 24. Be3 Rad8 25. Rxd8 Rxd8 26. Kf1 Rd1+ 27. Ke2 Rh1 28. Bxb6 Rxh2 29. Bd5 Rh4 30. a3 Rh5 31. Be4+ Kg7 32. c4 Rh4 33. Kd3 Rh1 34. Bxb7 Rd1+ 35. Kc2 Rd6 36. c5 Re6 37. c6 Re2+ 38. Kb3 1-0

[Event "Unterfranken-ch M2 56th"]
[Site "Stetten"]
[Date "2005.03.29"]
[Round "3"]
[White "Hofmann, Andreas"]
[Black "Pfarr, Michael"]
[Result "0-1"]
[WhiteElo "1745"]
[BlackElo "1876"]
[PlyCount "78"]
[EventDate "2005.03.28"]
[EventType "swiss"]
[EventRounds "9"]
[EventCountry "GER"]
[SourceTitle "EXT 2015"]
[Source "ChessBase"]
[SourceDate "2014.11.20"]
[SourceVersion "1"]
[SourceVersionDate "2014.11.20"]
[SourceQuality "1"]

1. e4 c5 2. f4 e6 3. Nf3 Nc6 4. Bb5 Nge7 5. c3 g6 6. d4 cxd4 7. cxd4 d5 8. e5 Bd7 9. Nc3 a6 10. Bd3 b5 11. a3 Nf5 12. Bxf5 gxf5 13. b4 Be7 14. Ng5 Bxg5 15. fxg5 Qb6 16. Ne2 Rc8 17. Bb2 Ke7 18. Qd2 a5 19. Bc3 a4 20. Qf4 Rcg8 21. 0-0-0 Qc7 22. Kb2 Na7 23. Qh4 Ke8 24. Nc1 Qd8 25. Bd2 h6 26. Qf2 hxg5 27. Nd3 Nc8 28. Nc5 Nb6 29. Nb7 Qc7 30. Nd6+ Kf8 31. Rc1 Nc4+ 32. Rxc4 dxc4 33. g4 Rh3 34. gxf5 c3+ 35. Ka2 cxd2 36. Qxd2 Qc3 37. Qxc3 Rxc3 38. Ne4 Rc2+ 39. Kb1 Bc6 0-1

[Event "Unterfranken-ch HA 53th"]
[Site "Wuerzburg"]
[Date "2002.??.??"]
[Round "?"]
[White "Hofmann, Andreas"]
[Black "Elbert, Thomas"]
[Result "1-0"]
[WhiteElo "1596"]
[BlackElo "1655"]
[PlyCount "81"]
[EventDate "2002.04.01"]
[EventType "swiss"]
[EventRounds "9"]
[EventCountry "GER"]
[SourceTitle "EXT 2015"]
[Source "ChessBase"]
[SourceDate "2014.11.20"]
[SourceVersion "1"]
[SourceVersionDate "2014.11.20"]
[SourceQuality "1"]

1. e4 e6 2. Nc3 d5 3. d3 Bb4 4. Bd2 Nf6 5. a3 Be7 6. e5 Nfd7 7. f4 c5 8. Nf3 Nc6 9. g3 b6 10. Qe2 Bb7 11. Bg2 a6 12. 0-0-0 b5 13. Bh3 b4 14. Nb1 bxa3 15. Nxa3 Nb4 16. c3 Rc8 17. Kb1 Nc6 18. f5 exf5 19. e6 fxe6 20. Qxe6 Kf8 21. Bxf5 Nf6 22. Rhf1 Rc7 23. Ng5 Qe8 24. Nxh7+ Rxh7 25. Bxh7 Qf7 26. Qxf7+ Kxf7 27. g4 Ke8 28. Bg6+ Kd8 29. g5 Ng4 30. h4 Nge5 31. Bh5 Nxd3 32. Be1 c4 33. Bg3 Nce5 34. Rxd3 Nxd3 35. Bxc7+ Kxc7 36. Rf7 Kd6 37. Nc2 a5 38. Nd4 Ba6 39. Kc2 a4 40. Kb1 Ne5 41. Rxg7 1-0

[Event "Unterfranken-ch HA 53th"]
[Site "Wuerzburg"]
[Date "2002.??.??"]
[Round "?"]
[White "Lutz, Gerhard"]
[Black "Hofmann, Andreas"]
[Result "1-0"]
[WhiteElo "1559"]
[BlackElo "1596"]
[PlyCount "71"]
[EventDate "2002.04.01"]
[EventType "swiss"]
[EventRounds "9"]
[EventCountry "GER"]
[SourceTitle "EXT 2015"]
[Source "ChessBase"]
[SourceDate "2014.11.20"]
[SourceVersion "1"]
[SourceVersionDate "2014.11.20"]
[SourceQuality "1"]

1. e4 d6 2. d4 Nf6 3. Nc3 g6 4. Be2 Bg7 5. f4 0-0 6. Nf3 c5 7. dxc5 dxc5 8. 0-0 Qb6 9. h3 Rd8 10. Qe1 Be6 11. Qf2 Na6 12. Bxa6 Qxa6 13. e5 Nd5 14. Nxd5 Rxd5 15. Be3 b6 16. Ng5 Bd7 17. Rfd1 Bc6 18. Rxd5 Bxd5 19. Nf3 Qb7 20. Rd1 f6 21. exf6 Bxf6 22. b3 Rf8 23. c4 Bc6 24. Qe2 Bg7 25. Ng5 Qc8 26. Bc1 Bd4+ 27. Kh2 e5 28. g3 e4 29. Be3 h6 30. Bxd4 cxd4 31. Nxe4 Re8 32. Nf6+ Kf7 33. Nxe8 Bxe8 34. Rxd4 Qf5 35. Qe4 Qa5 36. Qd5+ 1-0

[Event "Unterfranken-ch HA 53th"]
[Site "Wuerzburg"]
[Date "2002.??.??"]
[Round "?"]
[White "Metzger, Dieter"]
[Black "Hofmann, Andreas"]
[Result "0-1"]
[WhiteElo "1355"]
[BlackElo "1596"]
[PlyCount "140"]
[EventDate "2002.04.01"]
[EventType "swiss"]
[EventRounds "9"]
[EventCountry "GER"]
[SourceTitle "EXT 2015"]
[Source "ChessBase"]
[SourceDate "2014.11.20"]
[SourceVersion "1"]
[SourceVersionDate "2014.11.20"]
[SourceQuality "1"]

1. c4 Nf6 2. d4 g6 3. Nc3 Bg7 4. e4 d6 5. Nf3 0-0 6. Be2 c5 7. d5 Nbd7 8. 0-0 Ng4 9. h3 Nge5 10. Nd2 f5 11. f4 Nf7 12. exf5 gxf5 13. Qc2 Bd4+ 14. Kh2 Nh8 15. Nf3 Bg7 16. Bd3 Nb6 17. Re1 Ng6 18. g3 h6 19. b3 Bd7 20. Bb2 Qc7 21. Re2 Rae8 22. Rae1 Qc8 23. Nd1 e6 24. dxe6 Rxe6 25. Bxg7 Rxe2+ 26. Rxe2 Kxg7 27. Nc3 Re8 28. Rg2 Re3 29. Nh4 Nxh4 30. gxh4+ Kh7 31. Nd5 Nxd5 32. cxd5 Rf3 33. Qd2 Qe8 34. Be2 Re3 35. Qb2 Qf8 36. b4 c4 37. Qd4 Re4 38. Qxa7 Qc8 39. Qf2 c3 40. Bd1 Rxb4 41. Qg3 Qf8 42. Qxc3 Rxf4 43. Qg3 Re4 44. Bh5 Be8 45. Bf3 Re5 46. Qf4 Qf6 47. Rc2 Re7 48. h5 Bf7 49. Rf2 Qe5 50. Qxe5 Rxe5 51. Rd2 f4 52. Rb2 Bxd5 53. Bxd5 Rxd5 54. Rxb7+ Kg8 55. Rb2 Rd4 56. Kg2 Kf7 57. a3 d5 58. Ra2 Ra4 59. Kf3 Kf6 60. Kg4 Ke5 61. Re2+ Re4 62. Rb2 Re3 63. a4 Rg3+ 64. Kh4 Ra3 65. Rb4 d4 66. Rb6 d3 67. Rb8 Rxa4 68. Kg4 Rd4 69. Rb1 d2 70. Rd1 Ke4 0-1

[Event "Unterfranken-ch HT 52th"]
[Site "Massbach"]
[Date "2001.??.??"]
[Round "?"]
[White "Filbry, Lothar"]
[Black "Hofmann, Andreas"]
[Result "0-1"]
[WhiteElo "1543"]
[BlackElo "1636"]
[PlyCount "70"]
[EventDate "2001.04.16"]
[EventType "swiss"]
[EventRounds "9"]
[EventCountry "GER"]
[SourceTitle "EXT 2015"]
[Source "ChessBase"]
[SourceDate "2014.11.20"]
[SourceVersion "1"]
[SourceVersionDate "2014.11.20"]
[SourceQuality "1"]

1. e4 d6 2. d4 Nf6 3. Nc3 g6 4. Nf3 Bg7 5. h3 0-0 6. Bd3 c5 7. 0-0 Qc7 8. Qe2 e5 9. Nb5 Qd7 10. dxc5 dxc5 11. Bg5 a6 12. Nc3 Qe6 13. Bc4 Qe8 14. Bxf6 Bxf6 15. Nd5 Bd8 16. a3 b5 17. Ba2 Bb7 18. Rfd1 Nd7 19. Rd2 c4 20. c3 Nb6 21. Rad1 Nxd5 22. Rxd5 Bxd5 23. Rxd5 Bf6 24. b3 cxb3 25. Bxb3 Qc6 26. c4 bxc4 27. Qxc4 Qxc4 28. Bxc4 Rfc8 29. Nd2 Rd8 30. Kf1 Rxd5 31. Bxd5 Rb8 32. Nc4 Kf8 33. g3 Bg7 34. f4 exf4 35. gxf4 Bh6 0-1